| 000 | 00352nam a2200133Ia 4500 | ||
|---|---|---|---|
| 008 | 240624s9999 xx 000 0 und d | ||
| 041 | _aeng | ||
| 082 | _a005.8 JAN | ||
| 100 | _aJANCZEWSKI LECH | ||
| 245 | _aINTERNET AND INTRANET SECURITY MANAGEMEN | ||
| 260 |
_c2000 _aLondon _bIdea Group Publishing |
||
| 300 | _a302 : p. : cm. ; 24 | ||
| 365 |
_c _b30 |
||
| 999 |
_c16380 _d16380 |
||